[Event "Mundial Juvenil 2005 s10"]
[Site "Belfort FRA"]
[Date "2005.07.29"]
[Round "10.10"]
[White "Laurusas, Tomas"]
[Black "Cabanes, Kim"]
[Result "1-0"]
[WhiteElo "1599"]
[BlackElo "1599"]
[PlyCount "74"]
[EventDate "2005.07.19"]
[EventType "swiss"]
[EventRounds "11"]
[EventCountry "FRA"]
[Source "lmi"]
[SourceDate "2005.07.31"]

1. e4 c6 2. d4 d5 3. e5 c5 4. c3 Bf5 5. Ne2 e6 6. Ng3 Bg6 7. Be3 Nc6 8. h4 h6
9. h5 Bh7 10. Bd3 Bxd3 11. Qxd3 Nge7 12. O-O Nc8 13. Nd2 Be7 14. f4 Bh4 15. Ne2
cxd4 16. cxd4 Qd7 17. a3 f5 18. exf6 Bxf6 19. Nf3 O-O 20. Ne5 Bxe5 21. fxe5
N8e7 22. Nf4 Rf5 23. Qe2 Raf8 24. Qg4 b6 25. Rf2 Na5 26. Raf1 Nc4 27. Bc1 Nc6
28. Qd1 Qe8 29. b3 N4a5 30. Bb2 Nd8 31. Qg4 Nxb3 32. Nxe6 Qxe6 33. Rxf5 Rxf5
34. Qxf5 Qe7 35. e6 Nd2 36. Rf2 Ne4 37. Rf4 Ng3 1-0

[Event "Mundial Juvenil 2005 s10"]
[Site "Belfort FRA"]
[Date "2005.07.29"]
[Round "10.11"]
[White "Wared Altarboush"]
[Black "Cao, Jiajie"]
[Result "1/2-1/2"]
[WhiteElo "1599"]
[BlackElo "1599"]
[PlyCount "110"]
[EventDate "2005.07.19"]
[EventType "swiss"]
[EventRounds "11"]
[EventCountry "FRA"]
[Source "lmi"]
[SourceDate "2005.07.31"]

1. e4 e5 2. Nf3 Nc6 3. Bb5 a6 4. Bxc6 dxc6 5. O-O f6 6. d4 Bg4 7. c3 exd4 8.
cxd4 Bxf3 9. Qxf3 Qxd4 10. Rd1 Qe5 11. Bf4 Qe7 12. Nc3 Rd8 13. Rxd8+ Qxd8 14.
Rd1 Bd6 15. Qg3 Qe7 16. Bxd6 cxd6 17. Rxd6 Nh6 18. Qd3 Nf7 19. Rd4 O-O 20. Rd7
Qb4 21. Qd2 Qb6 22. Na4 Qb5 23. b3 Ne5 24. Rd4 a5 25. f4 Ng6 26. g3 Qh5 27. Qd1
Qh3 28. Nc5 b5 29. f5 Ne5 30. Ne6 h5 31. Nxf8 Kxf8 32. Qe2 Ke7 33. Rd2 Kf7 34.
Qg2 Qg4 35. h3 Qg5 36. Re2 Ke7 37. Qf2 Qc1+ 38. Kg2 Qc3 39. Qe3 Qxe3 40. Rxe3
Kd6 41. Rc3 c5 42. Kf2 b4 43. Rc2 Kc6 44. Ke3 Kb5 45. Rd2 a4 46. Rd6 axb3 47.
axb3 c4 48. Rd5+ Kc6 49. bxc4 Nxc4+ 50. Kd3 Na3 51. Ra5 Nb5 52. Kc4 Nd6+ 53.
Kxb4 Nxe4 54. Ra3 Kd5 55. Rf3 Kd4 1/2-1/2

[Event "Mundial Juvenil 2005 s10"]
[Site "Belfort FRA"]
[Date "2005.07.29"]
[Round "10.12"]
[White "Valizadeh, Ali"]
[Black "Dashdorj, Bulgan"]
[Result "0-1"]
[WhiteElo "1599"]
[BlackElo "1599"]
[PlyCount "36"]
[EventDate "2005.07.19"]
[EventType "swiss"]
[EventRounds "11"]
[EventCountry "FRA"]
[Source "lmi"]
[SourceDate "2005.07.31"]

1. d4 Nf6 2. c4 g6 3. Nc3 Bg7 4. e4 d6 5. Nf3 O-O 6. g3 Nbd7 7. Bg2 c5 8. d5
Qb6 9. O-O Qb4 10. Qd3 Nb6 11. Nd2 Ng4 12. a3 Ne5 13. Qe2 Qa5 14. h3 f5 15. f4
Nf7 16. Rf3 e5 17. dxe6 Bxe6 18. exf5 Bxf5 0-1

[Event "Mundial Juvenil 2005 s10"]
[Site "Belfort FRA"]
[Date "2005.07.29"]
[Round "10.14"]
[White "Sanchez Ibern, Marc"]
[Black "Whitfield, Craig"]
[Result "1/2-1/2"]
[WhiteElo "1914"]
[BlackElo "1599"]
[PlyCount "60"]
[EventDate "2005.07.19"]
[EventType "swiss"]
[EventRounds "11"]
[EventCountry "FRA"]
[Source "lmi"]
[SourceDate "2005.07.31"]

1. e4 c5 2. Nc3 Nc6 3. g3 g6 4. Bg2 Bg7 5. d3 e6 6. Be3 d6 7. Qd2 Qa5 8. Nge2
Nd4 9. Bxd4 cxd4 10. Nd1 Qb6 11. c3 Ne7 12. Nxd4 Bxd4 13. cxd4 Qxd4 14. Qc3 Nc6
15. O-O Bd7 16. a3 Rc8 17. Rc1 O-O 18. Qxd4 Nxd4 19. Rxc8 Rxc8 20. Nc3 Kg7 21.
Rc1 h5 22. h3 a5 23. f4 b5 24. Kf2 Kh6 25. Ne2 Rxc1 26. Nxc1 e5 27. fxe5 dxe5
28. Ne2 Nxe2 29. Kxe2 h4 30. g4 Kg5 1/2-1/2

[Event "Mundial Juvenil 2005 s10"]
[Site "Belfort FRA"]
[Date "2005.07.29"]
[Round "10.15"]
[White "Vasile, Claudiu Daniel"]
[Black "Eng, Andre Jerome"]
[Result "0-1"]
[WhiteElo "1694"]
[BlackElo "1599"]
[PlyCount "152"]
[EventDate "2005.07.19"]
[EventType "swiss"]
[EventRounds "11"]
[EventCountry "FRA"]
[Source "lmi"]
[SourceDate "2005.07.31"]

1. e4 c5 2. Nf3 e6 3. d4 cxd4 4. Nxd4 a6 5. Nc3 b5 6. Be2 Bb7 7. Bf3 d6 8. O-O
Nd7 9. Re1 Ngf6 10. Bg5 Be7 11. Bh4 O-O 12. Bg3 Qc7 13. Qd2 Ne5 14. a3 Nc4 15.
Qc1 Rac8 16. Nde2 Rfd8 17. Rd1 Qc5 18. Bf4 d5 19. exd5 Nxd5 20. Nxd5 Bxd5 21.
Bxd5 Rxd5 22. Rxd5 Qxd5 23. Nc3 Qd4 24. Be3 Nxe3 25. Qxe3 Qxe3 26. fxe3 Bf6 27.
Rd1 Bxc3 28. bxc3 Kf8 29. Rd6 Rxc3 30. Rxa6 Rxc2 31. Rb6 Rc3 32. Rxb5 Rxa3 33.
Kf2 Ke7 34. Kf3 f5 35. h3 Kf6 36. Rb6 g5 37. g3 h5 38. Rb4 Ra2 39. g4 fxg4+ 40.
hxg4 h4 41. Rb5 Rh2 42. Rb4 Rc2 43. Ra4 Rc5 44. Rb4 Rc1 45. Ra4 Re1 46. Re4
Rf1+ 47. Kg2 Ra1 48. Rb4 Re1 49. Re4 e5 50. Kf2 Ra1 51. Rb4 Ra6 52. Kf3 Ke6 53.
Ke4 h3 54. Rb2 Ra4+ 55. Kf3 e4+ 56. Kg3 Ra3 57. Re2 Kd5 58. Kxh3 Kc4 59. Kg2
Kd3 60. Kf2 Ra8 61. Ke1 Rb8 62. Kf2 Rf8+ 63. Ke1 Rf3 64. Rd2+ Kxe3 65. Re2+ Kf4
66. Rg2 Rg3 67. Rf2+ Kxg4 68. Ke2 Rf3 69. Rg2+ Kf4 70. Rh2 g4 71. Rh8 Kg3 72.
Re8 e3 73. Rg8 Kh3 74. Rh8+ Kg2 75. Rg8 Kg3 76. Rh8 Rf2+ 0-1

[Event "Mundial Juvenil 2005 s10"]
[Site "Belfort FRA"]
[Date "2005.07.29"]
[Round "10.16"]
[White "Gabovitch, Ila"]
[Black "Meneses Gonzalez, Kevin Moises"]
[Result "0-1"]
[WhiteElo "1599"]
[BlackElo "1599"]
[PlyCount "34"]
[EventDate "2005.07.19"]
[EventType "swiss"]
[EventRounds "11"]
[EventCountry "FRA"]
[Source "lmi"]
[SourceDate "2005.07.31"]

1. d4 Nf6 2. Nf3 g6 3. Bg5 Bg7 4. e3 d6 5. c4 Nbd7 6. Nc3 h6 7. Bh4 O-O 8. Be2
c6 9. e4 Qa5 10. O-O b5 11. Bg3 Nh5 12. Nd2 Nxg3 13. hxg3 Qc7 14. Nb3 e5 15. d5
a5 16. f4 Rd8 17. Kh1 Nf6 0-1

[Event "Mundial Juvenil 2005 s10"]
[Site "Belfort FRA"]
[Date "2005.07.29"]
[Round "10.17"]
[White "Shcherbina, Yevgeniy"]
[Black "Martinez, Martin"]
[Result "1-0"]
[WhiteElo "1599"]
[BlackElo "1599"]
[PlyCount "57"]
[EventDate "2005.07.19"]
[EventType "swiss"]
[EventRounds "11"]
[EventCountry "FRA"]
[Source "lmi"]
[SourceDate "2005.07.31"]

1. e4 c5 2. Nf3 d6 3. d4 cxd4 4. Nxd4 Nf6 5. Nc3 a6 6. Be3 e6 7. f3 b5 8. Qd2
Bb7 9. O-O-O Nbd7 10. g4 Ne5 11. g5 Nfd7 12. Be2 Nb6 13. b3 Rc8 14. f4 Nc6 15.
Kb2 b4 16. Nb1 Qc7 17. Bd3 d5 18. exd5 Nxd5 19. Nxc6 Bxc6 20. Rhe1 a5 21. f5
Qe5+ 22. Kc1 Nc3 23. Nxc3 bxc3 24. Qf2 Qd6 25. Kb1 Bd5 26. fxe6 fxe6 27. g6 h6
28. Be4 Be7 29. Qf7+ 1-0

[Event "Mundial Juvenil 2005 s10"]
[Site "Belfort FRA"]
[Date "2005.07.29"]
[Round "10.18"]
[White "Srbis, Jurica"]
[Black "Biazliudau, Stanislau"]
[Result "1-0"]
[WhiteElo "1599"]
[BlackElo "1599"]
[PlyCount "61"]
[EventDate "2005.07.19"]
[EventType "swiss"]
[EventRounds "11"]
[EventCountry "FRA"]
[Source "lmi"]
[SourceDate "2005.07.31"]

1. e4 e6 2. d4 d5 3. Nc3 Bb4 4. e5 Ne7 5. a3 Bxc3+ 6. bxc3 c5 7. h4 Nbc6 8. h5
Qb6 9. Nf3 cxd4 10. cxd4 Nf5 11. c3 Bd7 12. Bd3 Nfe7 13. Rh4 Na5 14. Rf4 Qc7
15. Bd2 h6 16. Rg4 Kf8 17. Nh4 Nc4 18. Rf4 Nb2 19. Qc2 Nxd3+ 20. Qxd3 a6 21.
Qf3 Be8 22. a4 Rb8 23. Bc1 Rc8 24. Ba3 Kg8 25. Bd6 Qb6 26. Rg4 Kh7 27. Qd3+ Nf5
28. Rf4 g5 29. Nxf5 gxf4 30. Ne7+ Kg7 31. Nxc8 1-0

[Event "Mundial Juvenil 2005 s10"]
[Site "Belfort FRA"]
[Date "2005.07.29"]
[Round "10.19"]
[White "Qu, Ziyuan"]
[Black "Harutunian, Tigran"]
[Result "1/2-1/2"]
[WhiteElo "2242"]
[BlackElo "1599"]
[PlyCount "132"]
[EventDate "2005.07.19"]
[EventType "swiss"]
[EventRounds "11"]
[EventCountry "FRA"]
[Source "lmi"]
[SourceDate "2005.07.31"]

1. e4 c5 2. Nf3 d6 3. d4 cxd4 4. Nxd4 Nf6 5. Nc3 g6 6. Be3 Bg7 7. f3 O-O 8. Qd2
Nc6 9. Bc4 Bd7 10. O-O-O Rc8 11. Bb3 Ne5 12. h4 h5 13. Bh6 Bxh6 14. Qxh6 Rxc3
15. bxc3 Qc7 16. Qe3 a5 17. a4 b5 18. Nxb5 Bxb5 19. axb5 a4 20. Ba2 Rd8 21. c4
Qa5 22. Kb2 Qb4+ 23. Ka1 Nxc4 24. Bxc4 Qxc4 25. Qd3 Qc5 26. Rb1 Nd7 27. f4 Nb6
28. Rhc1 Nc4 29. Ka2 Rc8 30. g3 Nb6 31. c4 Nd7 32. Rb2 Qb6 33. e5 Nc5 34. Qe3
dxe5 35. fxe5 Qe6 36. Qc3 Rd8 37. Rd2 Rb8 38. Rd5 Rxb5 39. cxb5 Qxd5+ 40. Ka3
Nb3 41. b6 Nxc1 42. Kxa4 Qd7+ 43. Ka5 Qd5+ 44. Ka6 Qa8+ 45. Kb5 Qd5+ 46. Ka6
Nb3 47. b7 Nc5+ 48. Qxc5 Qxc5 49. b8=Q+ Kg7 50. Qb2 Qc6+ 51. Ka7 Qa4+ 52. Kb8
Qe8+ 53. Ka7 Qd7+ 54. Ka8 Kh8 55. Qc3 Qd5+ 56. Ka7 Qa2+ 57. Kb8 Qb1+ 58. Ka7
Qf5 59. Qc5 e6 60. Qc3 Kg7 61. Kb7 Qe4+ 62. Kc7 Qd5 63. Kc8 Qa8+ 64. Kd7 Qb7+
65. Ke8 Qb8+ 66. Kd7 Kf8 1/2-1/2

[Event "Mundial Juvenil 2005 s10"]
[Site "Belfort FRA"]
[Date "2005.07.29"]
[Round "10.20"]
[White "Dragun, Kamil"]
[Black "Ismailov, Mukhit"]
[Result "1-0"]
[WhiteElo "1844"]
[BlackElo "1599"]
[PlyCount "70"]
[EventDate "2005.07.19"]
[EventType "swiss"]
[EventRounds "11"]
[EventCountry "FRA"]
[Source "lmi"]
[SourceDate "2005.07.31"]

1. e4 c5 2. Nf3 d6 3. d4 cxd4 4. Nxd4 Nf6 5. Nc3 a6 6. a4 Nc6 7. Be2 Qb6 8. Nb3
e6 9. Be3 Qc7 10. a5 Nd7 11. Qd2 b5 12. axb6 Nxb6 13. O-O Ne5 14. Bxb6 Qxb6 15.
Kh1 Be7 16. f4 Ng6 17. Bb5+ axb5 18. Rxa8 O-O 19. f5 exf5 20. exf5 Ne5 21. Qd4
Qc6 22. Qd5 Qxd5 23. Nxd5 Bd8 24. Rxc8 Re8 25. Nd4 Nc4 26. h3 h6 27. Nc6 Nd2
28. Rd1 Ne4 29. Kh2 Nf2 30. Rf1 Re2 31. Rxd8+ Kh7 32. Nc3 Rxc2 33. Rxd6 Rxb2
34. Nd1 Nxd1 35. Rfxd1 b4 1-0

[Event "Mundial Juvenil 2005 s10"]
[Site "Belfort FRA"]
[Date "2005.07.30"]
[Round "11.1"]
[White "Fu, Xiaoyong"]
[Black "Bukavshin, Ivan"]
[Result "1/2-1/2"]
[WhiteElo "1599"]
[BlackElo "2029"]
[PlyCount "49"]
[EventDate "2005.07.19"]
[EventType "swiss"]
[EventRounds "11"]
[EventCountry "FRA"]
[Source "lmi"]
[SourceDate "2005.07.31"]

1. e4 c5 2. Nf3 Nc6 3. d4 cxd4 4. Nxd4 g6 5. Nc3 Bg7 6. Be3 Nf6 7. Bc4 Qa5 8.
O-O d6 9. h3 O-O 10. Nb3 Qc7 11. Bd3 Bd7 12. f4 Na5 13. Qe2 Rfc8 14. Nd2 Nh5
15. Nd5 Qd8 16. Qf3 Bxb2 17. Rab1 Bg7 18. f5 Nf6 19. fxg6 hxg6 20. Bg5 Be6 21.
Nxf6+ exf6 22. Bxf6 Bxf6 23. Qxf6 Qxf6 24. Rxf6 b6 25. Bf1 1/2-1/2

[Event "Mundial Juvenil 2005 s10"]
[Site "Belfort FRA"]
[Date "2005.07.30"]
[Round "11.4"]
[White "Khosla, Shiven"]
[Black "Nikologorskiy, Konstantin"]
[Result "1-0"]
[WhiteElo "1832"]
[BlackElo "1599"]
[PlyCount "91"]
[EventDate "2005.07.19"]
[EventType "swiss"]
[EventRounds "11"]
[EventCountry "FRA"]
[Source "lmi"]
[SourceDate "2005.07.31"]

1. e4 c5 2. Nc3 Nc6 3. Bb5 a6 4. Bxc6 bxc6 5. d3 d5 6. Bf4 e6 7. Qd2 Bd6 8.
Bxd6 Qxd6 9. Nge2 Rb8 10. b3 h6 11. O-O Nf6 12. Rad1 d4 13. Na4 O-O 14. h3 Ne8
15. f4 f5 16. e5 Qe7 17. c3 Bd7 18. Rc1 dxc3 19. Qxc3 g5 20. Qxc5 Qg7 21. Qa7
Rd8 22. Nc5 g4 23. Kh2 Kh8 24. Nb7 Rc8 25. Qf2 Rg8 26. h4 Nc7 27. g3 Nd5 28.
Nc5 Qe7 29. Nd4 a5 30. Qb2 Ne3 31. Rfe1 Nd5 32. Nxf5 Qf8 33. Nd6 Rc7 34. f5
exf5 35. e6+ Kh7 36. Qe5 f4 37. exd7 fxg3+ 38. Qxg3 Qf6 39. Rf1 Nf4 40. Ne8 Qd8
41. Nxc7 Nh5 42. N7e6 Qf6 43. Rf2 Qg6 44. Nf8+ Rxf8 45. Rxf8 Nxg3 46. Rh8+ 1-0

[Event "Mundial Juvenil 2005 s10"]
[Site "Belfort FRA"]
[Date "2005.07.30"]
[Round "11.5"]
[White "Yeap, Eng Chiam"]
[Black "Beradze, Irakli"]
[Result "1-0"]
[WhiteElo "1599"]
[BlackElo "1599"]
[PlyCount "26"]
[EventDate "2005.07.19"]
[EventType "swiss"]
[EventRounds "11"]
[EventCountry "FRA"]
[Source "lmi"]
[SourceDate "2005.07.31"]

1. e4 c6 2. d4 d5 3. e5 Bf5 4. Be3 e6 5. Nd2 Nd7 6. c3 Ne7 7. Ngf3 Bg6 8. Qb3
Qb6 9. h4 h5 10. Be2 Nf5 11. Rc1 c5 12. Bb5 Nxe3 13. fxe3 O-O-O 1-0

[Event "Mundial Juvenil 2005 s10"]
[Site "Belfort FRA"]
[Date "2005.07.30"]
[Round "11.6"]
[White "Dashdorj, Bulgan"]
[Black "Naroditsky, Daniel"]
[Result "0-1"]
[WhiteElo "1599"]
[BlackElo "1599"]
[PlyCount "63"]
[EventDate "2005.07.19"]
[EventType "swiss"]
[EventRounds "11"]
[EventCountry "FRA"]
[Source "lmi"]
[SourceDate "2005.07.31"]

1. e4 c5 2. Nf3 d6 3. d4 cxd4 4. Nxd4 Nf6 5. Nc3 a6 6. Be3 e5 7. Nb3 Be6 8. Be2
Nbd7 9. O-O Be7 10. f4 O-O 11. Nd2 exf4 12. Bxf4 Qb6+ 13. Kh1 Qxb2 14. Na4 Qa3
15. c4 b5 16. cxb5 axb5 17. Bxb5 Ra5 18. Rf3 Qb4 19. Rb1 Qd4 20. Rd3 Qa7 21.
Bxd6 Bxd6 22. Rxd6 Ng4 23. Qe2 Nf2+ 24. Kg1 Nxe4+ 25. Kf1 Nxd6 26. Bxd7 Bxd7
27. Nc3 Rf5+ 28. Nf3 Be6 29. Rb4 Qc5 30. Qb2 Nc4 31. Na4 Qe3 32. Qc3 0-1

[Event "Mundial Juvenil 2005 s10"]
[Site "Belfort FRA"]
[Date "2005.07.30"]
[Round "11.7"]
[White "Laurusas, Tomas"]
[Black "Diloyan, Ara"]
[Result "1-0"]
[WhiteElo "1599"]
[BlackElo "1599"]
[PlyCount "47"]
[EventDate "2005.07.19"]
[EventType "swiss"]
[EventRounds "11"]
[EventCountry "FRA"]
[Source "lmi"]
[SourceDate "2005.07.31"]

1. e4 c5 2. c3 d5 3. exd5 Qxd5 4. d4 Nc6 5. Nf3 cxd4 6. cxd4 e5 7. Nxe5 Bb4+ 8.
Nc3 Nxe5 9. dxe5 Qxe5+ 10. Qe2 Qxe2+ 11. Bxe2 Ne7 12. Bd2 O-O 13. O-O Nc6 14.
a3 Ba5 15. Be3 Bxc3 16. bxc3 Bf5 17. Rfd1 Rac8 18. Bf3 b6 19. Bd4 Na5 20. Re1
Nb3 21. Ra2 Rfd8 22. Rae2 Be6 23. Be3 h6 24. h3 1-0

[Event "Mundial Juvenil 2005 s10"]
[Site "Belfort FRA"]
[Date "2005.07.30"]
[Round "11.8"]
[White "Ostovic, Matija"]
[Black "Cori, Jorge"]
[Result "0-1"]
[WhiteElo "1599"]
[BlackElo "2080"]
[PlyCount "50"]
[EventDate "2005.07.19"]
[EventType "swiss"]
[EventRounds "11"]
[EventCountry "FRA"]
[Source "lmi"]
[SourceDate "2005.07.31"]

1. e4 c5 2. Nf3 d6 3. d4 cxd4 4. Nxd4 Nf6 5. Nc3 a6 6. Be3 g6 7. f3 Bg7 8. Qd2
O-O 9. Bc4 b5 10. Bb3 Bb7 11. O-O-O Nbd7 12. h4 Nc5 13. Bh6 Nxb3+ 14. cxb3 Rc8
15. Kb1 b4 16. Nce2 Bxh6 17. Qxh6 Qb6 18. g4 e5 19. Nc2 d5 20. h5 Qf2 21. Rd2
Qxf3 22. Rhd1 Nxe4 23. Ng1 Nxd2+ 24. Rxd2 Qxg4 25. Ne2 d4 0-1

[Event "Mundial Juvenil 2005 s10"]
[Site "Belfort FRA"]
[Date "2005.07.30"]
[Round "11.9"]
[White "Cao, Jiajie"]
[Black "Shcherbina, Yevgeniy"]
[Result "0-1"]
[WhiteElo "1599"]
[BlackElo "1599"]
[PlyCount "104"]
[EventDate "2005.07.19"]
[EventType "swiss"]
[EventRounds "11"]
[EventCountry "FRA"]
[Source "lmi"]
[SourceDate "2005.07.31"]

1. e4 c5 2. Nf3 d6 3. d4 cxd4 4. Nxd4 Nf6 5. Nc3 a6 6. Bg5 e6 7. f4 Nbd7 8. Qf3
Be7 9. O-O-O O-O 10. g4 Qa5 11. Bxf6 Bxf6 12. g5 Bxd4 13. Rxd4 b5 14. Kb1 b4
15. Ne2 Bb7 16. Ng3 Qc5 17. Qd1 Rac8 18. h4 Bc6 19. Rh2 Ba4 20. Rd3 a5 21. h5
Bb5 22. Rb3 Bxf1 23. Nxf1 Qc6 24. Ng3 Nc5 25. Re3 a4 26. f5 b3 27. cxb3 axb3
28. a3 Rc7 29. f6 Rfc8 30. Rc3 Qb7 31. Qh1 Na4 32. Rxc7 Rxc7 33. fxg7 Qb5 34.
Qf1 Qxf1+ 35. Nxf1 Kxg7 36. Rh3 Rc5 37. Rxb3 Rxg5 38. Rg3 Kf6 39. Rf3+ Ke5 40.
Rxf7 Rxh5 41. Nd2 Rh1+ 42. Kc2 h5 43. Nc4+ Kxe4 44. Nxd6+ Kd5 45. Ne8 e5 46.
Rb7 Nc5 47. Rb4 e4 48. Nc7+ Ke5 49. Nb5 Nd3 50. Rc4 h4 51. a4 h3 52. Nc3 Re1
0-1

[Event "Mundial Juvenil 2005 s10"]
[Site "Belfort FRA"]
[Date "2005.07.30"]
[Round "11.10"]
[White "Eng, Andre Jerome"]
[Black "Wared Altarboush"]
[Result "0-1"]
[WhiteElo "1599"]
[BlackElo "1599"]
[PlyCount "176"]
[EventDate "2005.07.19"]
[EventType "swiss"]
[EventRounds "11"]
[EventCountry "FRA"]
[Source "lmi"]
[SourceDate "2005.07.31"]

1. c4 e5 2. e3 Nf6 3. Qc2 Nc6 4. a3 a5 5. b3 g6 6. Bb2 d6 7. d3 Bg7 8. Nd2 O-O
9. Ngf3 Re8 10. Be2 Bf5 11. Rc1 Nd7 12. O-O Qe7 13. Ne4 Bxe4 14. dxe4 Nc5 15.
Rfd1 Rf8 16. Bc3 f5 17. exf5 gxf5 18. b4 Ne4 19. Be1 Kh8 20. b5 Nd8 21. Nd2 Nc5
22. Nb3 Nxb3 23. Qxb3 Ne6 24. a4 Nc5 25. Qc2 b6 26. Bc3 e4 27. Bd2 Rg8 28. f3
Be5 29. f4 Bf6 30. Bf1 Kg7 31. Be1 Kf7 32. Rd5 Ke6 33. Qd1 Qg7 34. g3 Qg4 35.
Qc2 Ke7 36. Be2 Qg6 37. Qd1 Bh8 38. Bh5 Qe6 39. Be2 Raf8 40. Bf2 Kd8 41. Kf1
Kc8 42. Ke1 Bb2 43. Rb1 Bc3+ 44. Kf1 Kb8 45. Qc2 Bb4 46. Ra1 Qf6 47. Rc1 Qh6
48. Kg2 Qg7 49. Rd4 Ne6 50. Rd5 Bc5 51. Rg1 Bb4 52. Rc1 Nc5 53. Rd4 Qf7 54. Rg1
Qf6 55. Rc1 Rh8 56. Rg1 Rfg8 57. Kf1 h5 58. Qd1 h4 59. Qc2 hxg3 60. Bxg3 Qe6
61. Rd5 Qf6 62. Rd4 Qh6 63. Kf2 Ne6 64. Rd5 Bc5 65. Rxf5 Rxg3 66. hxg3 Qh2+ 67.
Rg2 Bxe3+ 68. Kxe3 Qxg2 69. Qxe4 Qxg3+ 70. Kd2 Nc5 71. Rxc5 dxc5 72. Bf3 Qf2+
73. Kc3 Qd4+ 74. Qxd4 cxd4+ 75. Kxd4 Kc8 76. f5 Kd8 77. Kd5 Rh4 78. Be4 Ke7 79.
Ke5 Rh2 80. f6+ Kf8 81. Bf3 Rc2 82. Bd1 Rxc4 83. Kd5 Rc5+ 84. Ke6 c6 85. bxc6
Rxc6+ 86. Ke5 Rc4 87. Bb3 Rb4 88. Bd1 b5 0-1

[Event "Mundial Juvenil 2005 s12"]
[Site "Belfort FRA"]
[Date "2005.07.19"]
[Round "1.2"]
[White "Sjugirov, Sanan"]
[Black "Chung, Juen-Sen"]
[Result "1-0"]
[WhiteElo "2358"]
[BlackElo "1599"]
[PlyCount "83"]
[EventDate "2005.07.19"]
[EventType "swiss"]
[EventRounds "11"]
[EventCountry "FRA"]
[Source "lmi"]
[SourceDate "2005.07.31"]

1. e4 c5 2. Nf3 Nc6 3. Nc3 d6 4. d4 cxd4 5. Nxd4 g6 6. Be3 Nf6 7. f3 Bg7 8. Qd2
O-O 9. O-O-O d5 10. exd5 Nxd5 11. Nxc6 bxc6 12. Nxd5 cxd5 13. Qxd5 Qc7 14. Qc5
Qb7 15. Qa3 Bf5 16. Bd3 Rab8 17. b3 Qc6 18. Bxf5 gxf5 19. Qc5 Qf6 20. Bd4 e5
21. Bb2 Rfc8 22. Qf2 a5 23. Rd5 a4 24. Kb1 axb3 25. cxb3 Qc6 26. Rhd1 Re8 27.
f4 Rb5 28. Rxb5 Qxb5 29. fxe5 Bxe5 30. Qxf5 Qe2 31. Qg5+ Kh8 32. Bxe5+ Rxe5 33.
Qd2 Qe4+ 34. Qc2 Qb7 35. Qc3 Qe4+ 36. Ka1 Qe2 37. Rd8+ Kg7 38. Qg3+ Kf6 39.
Qf4+ Kg7 40. Rd2 Qe1+ 41. Kb2 Re2 42. Qg4+ 1-0

[Event "Mundial Juvenil 2005 s12"]
[Site "Belfort FRA"]
[Date "2005.07.19"]
[Round "1.3"]
[White "Coll Ortega, Jordi"]
[Black "Belous, Vladimir"]
[Result "0-1"]
[WhiteElo "1599"]
[BlackElo "2218"]
[PlyCount "93"]
[EventDate "2005.07.19"]
[EventType "swiss"]
[EventRounds "11"]
[EventCountry "FRA"]
[Source "lmi"]
[SourceDate "2005.07.31"]

1. e4 c5 2. Nf3 d6 3. d4 cxd4 4. Nxd4 a6 5. c4 Nf6 6. Nc3 e6 7. Be3 Be7 8. Be2
O-O 9. O-O b6 10. f3 Bb7 11. Qd2 Nbd7 12. Rfd1 Qc7 13. Rac1 Rac8 14. b3 Qb8 15.
Qb2 Bd8 16. b4 Bc7 17. Kh1 Rfe8 18. b5 a5 19. Bg1 Ne5 20. Na4 Ba8 21. Rd2 Bd8
22. Nb3 Nfd7 23. Be3 Bf6 24. Qb1 Ng6 25. Qd3 d5 26. Bf2 Bg5 27. Be3 Nf4 28. Qb1
Nf6 29. cxd5 Rxc1+ 30. Qxc1 exd5 31. Qd1 Nh3 32. gxh3 Bxe3 33. Rd3 Bg5 34. exd5
Nxd5 35. Bf1 Ne3 36. Qe2 Nxf1 37. Qxf1 Bh4 38. Rd1 Qf4 39. Nd4 Bf6 40. Nxb6
Bxd4 41. Nxa8 Rxa8 42. Qd3 Bf6 43. Qd5 Rf8 44. b6 h6 45. Rf1 Rd8 46. Qxa5 Be5
47. Rf2 0-1

[Event "Mundial Juvenil 2005 s12"]
[Site "Belfort FRA"]
[Date "2005.07.19"]
[Round "1.4"]
[White "Sethuraman, S.p"]
[Black "Coustance, Kevin"]
[Result "1-0"]
[WhiteElo "2203"]
[BlackElo "1599"]
[PlyCount "49"]
[EventDate "2005.07.19"]
[EventType "swiss"]
[EventRounds "11"]
[EventCountry "FRA"]
[Source "lmi"]
[SourceDate "2005.07.31"]

1. e4 c5 2. Nf3 Nc6 3. Bb5 g6 4. O-O Bg7 5. Re1 e6 6. Bxc6 bxc6 7. e5 f6 8. d4
cxd4 9. Bf4 c5 10. c3 fxe5 11. Bxe5 Bxe5 12. Nxe5 d6 13. Qf3 Nf6 14. Qc6+ Ke7
15. Qxa8 Qb6 16. Qxa7+ Qxa7 17. Nc6+ Kf7 18. Nxa7 Bd7 19. c4 Rb8 20. b3 d5 21.
Na3 dxc4 22. Nxc4 Ke7 23. Ne5 Kd6 24. Nac6 Ra8 25. Na5 1-0

[Event "Mundial Juvenil 2005 s12"]
[Site "Belfort FRA"]
[Date "2005.07.19"]
[Round "1.5"]
[White "Descamps, Thomas"]
[Black "Strzemiecki, Zbigniew"]
[Result "1-0"]
[WhiteElo "1599"]
[BlackElo "2195"]
[PlyCount "58"]
[EventDate "2005.07.19"]
[EventType "swiss"]
[EventRounds "11"]
[EventCountry "FRA"]
[Source "lmi"]
[SourceDate "2005.07.31"]

1. e4 e6 2. d4 d5 3. Nc3 Bb4 4. e5 c5 5. Bd2 Ne7 6. Nge2 Nbc6 7. Nb5 Bxd2+ 8.
Qxd2 O-O 9. c3 cxd4 10. cxd4 f6 11. f4 fxe5 12. dxe5 Nf5 13. O-O-O a6 14. Nbd4
Ncxd4 15. Nxd4 Nxd4 16. Qxd4 Qa5 17. Kb1 Bd7 18. Bd3 Bb5 19. Bxb5 axb5 20. a3
b4 21. Rd3 Qa4 22. g3 Rfc8 23. Rc1 Rxc1+ 24. Kxc1 Rc8+ 25. Kb1 Qc2+ 26. Ka2 Rc4
27. Qe3 d4 28. Qf3 Rc3 29. Qxb7 b3+ 1-0

[Event "Mundial Juvenil 2005 s12"]
[Site "Belfort FRA"]
[Date "2005.07.19"]
[Round "1.7"]
[White "Dimovski, Aleksandar"]
[Black "So, Wesley"]
[Result "0-1"]
[WhiteElo "1599"]
[BlackElo "2165"]
[PlyCount "42"]
[EventDate "2005.07.19"]
[EventType "swiss"]
[EventRounds "11"]
[EventCountry "FRA"]
[Source "lmi"]
[SourceDate "2005.07.31"]

1. e4 c5 2. Nf3 Nc6 3. d4 cxd4 4. Nxd4 Nf6 5. Nc3 e5 6. Ndb5 d6 7. Nd5 Nxd5 8.
exd5 Nb8 9. c3 Be7 10. Be3 a6 11. Na3 Nd7 12. Bd3 O-O 13. Qc2 g6 14. g4 Nf6 15.
Bh6 Re8 16. g5 Nxd5 17. h4 Nf4 18. h5 Bxg5 19. hxg6 hxg6 20. f3 Bxh6 21. Rxh6
Qg5 0-1

[Event "Mundial Juvenil 2005 s12"]
[Site "Belfort FRA"]
[Date "2005.07.19"]
[Round "1.8"]
[White "Hou, Yifan"]
[Black "Dole, Anant"]
[Result "1-0"]
[WhiteElo "2158"]
[BlackElo "1599"]
[PlyCount "109"]
[EventDate "2005.07.19"]
[EventType "swiss"]
[EventRounds "11"]
[EventCountry "FRA"]
[Source "lmi"]
[SourceDate "2005.07.31"]

1. e4 e6 2. d4 d5 3. Nc3 Bb4 4. e5 c5 5. a3 Bxc3+ 6. bxc3 Ne7 7. Qg4 O-O 8. Bd3
Nbc6 9. Qh5 Ng6 10. Nf3 c4 11. Be2 Qc7 12. O-O Bd7 13. Ng5 h6 14. Nh3 Qa5 15.
Bb2 Be8 16. f4 f5 17. exf6 Rxf6 18. Qg4 Nce7 19. Rae1 Nf5 20. Bd1 Bd7 21. Qh5
Nd6 22. g3 Nb5 23. Nf2 Kh7 24. Qf3 Nxa3 25. h4 Nb5 26. h5 Ne7 27. Ng4 Rg8 28.
Nxf6+ gxf6 29. Be2 Qa2 30. Rb1 Nd6 31. g4 Ne4 32. Qe3 Nf5 33. Qc1 Nfg3 34. Bf3
Qa5 35. Re1 Nxh5 36. Kh2 Nhg3 37. Rg1 Qc7 38. Rxg3 Nxg3 39. Kxg3 f5 40. Qe1
fxg4 41. Bg2 h5 42. Qe5 Qxe5 43. fxe5 Rf8 44. Ba3 Rf7 45. Rxb7 Kg6 46. Rxa7 Kf5
47. Ra8 Bc6 48. Rh8 Kg6 49. Bc1 Rh7 50. Rd8 Ba4 51. Rd6 Kf5 52. Bxd5 h4+ 53.
Kh2 g3+ 54. Kh3 Bd7 55. Bxc4 1-0